Statistics for Every Country in Europe by Google Suggestions

Click here to take the quiz!

General Stats

  • This quiz has been taken 270 times
  • The average score is 13 of 34

Answer Stats

Why did country ...Answer% Correct
and Slovakia split upCzech Republic
92%
colonize MozambiquePortugal
75%
not join ItalySan Marino
72%
surrenderGermany
67%
colonize CongoBelgium
65%
leave YugoslaviaBosnia and Herzegovina | Croatia
64%
handover Hong KongUnited Kingdom
61%
leave the soviet unionBelarus | Ukraine
59%
want Bosnia and HerzegovinaSerbia
56%
give Louisiana back to FranceSpain
54%
leave RomaniaMoldova
53%
-hungary seek german support before invading bosniaAustria
51%
have a financial crisisGreece
51%
and Croatia declared independenceSlovenia
47%
not join GermanyLuxembourg
43%
change its nameNorth Macedonia
43%
not join the EUNorway
36%
join the axisHungary | Romania | Slovakia
34%
join the allied powersItaly
32%
become a countryVatican City
32%
join the EUFinland | Latvia | Malta | Denmark
31%
become independentKosovo | Monaco
30%
leave ww1Russia
26%
join ww1Bulgaria | Montenegro | Switzerland | France
25%
leave the warsaw pactAlbania
21%
go bankruptIceland
18%
splitIreland
14%
not get the plaguePoland
13%
become involved in ww2Netherlands
12%
support the viet congSweden
12%
challenge russiaLithuania
10%
sinkEstonia
9%
declare war on GermanyAndorra
7%
not attend the first meetingLiechtenstein
7%

Score Distribution

Percentile by Number Answered

Percent of People with Each Score

Your Score History

You have not taken this quiz